01097nam a2200205 i 450000100060000000300090000600500170001500700030003200800410003508000310007610000390010724500780014626000580022430000400028250001480032250503040047060000390077461000530081385200250086699053ES-MaACL20250731034207.0t|051111m19251929sp cf |||| |aspa d a929 Espina y Capo, Antonio1 aEspina y Capo, Antonio,d1850-193010aNotas del viaje de mi vida b: 1850 a 1920 / cpor Antonio Espina y Capo. aMadrid : b[s.n.], c1925-1929 (fTall. Espasa-Calpe) a4 v. : bretr. del autor ; c19 cm. aReferencias al Ateneo en: v. 1: p. 68, p. 145-151 - v. 2: p. 282-283, p. 395-396 - v. 3: p. 251-257, p. 262-263 - v. 4: p. 321-322, p. 328-331.8 aContiene: 1 ; tAnte mis libros y mis recuerdos: 1850 a 1860 (229 p.) - v. 2 ; tLa formación de mi pensamiento: 1861 a 1870 (467 p.) - v. 3 ;tMis luchas, mis primeros años de vida independiente y profesional: 1871 a 1880 (521 p.) - v. 4 ; tEn pleno ejercicio profesional: 1881 a 1890 (560 p.)14aEspina y Capo, Antonio,d1850-193024aAteneo de Madrid-vHistoria-vRelatos personales aES-MaACLjG-12807-10